Youtube Francais - Statistiques

Statistiques générales
  • Ce quiz a été pris 252 fois
  • Le résultat moyen est 11 sur 30
Statistiques - réponses
Nombre d’abonnés Chaine YouTube % Correct
19,3 millions d’abonnés Squeezie
98%
25,8 millions d’abonnés Tibo Inshape
94%
8.8 millions d’abonnés inoxtag
86%
10,2 millions d’abonnés Michou
86%
14,5 millions d’abonnés Cyprien
84%
8,8 millions d’abonnés Amixem
81%
11,4 millions d’abonnés Norman fait des vidéos
78%
6,4 millions d’abonnés Mastu
71%
6,5 millions d’abonnés Joyca
68%
7,4 millions d’abonnés McFly et Carlito
61%
5,1 millions d’abonnés Natoo
57%
6,3 millions d’abonnés Mister V
34%
9.7 millions d’abonnés Lama Faché
30%
5,6 millions d’abonnés Seb
29%
5,4 millions d’abonnés FastGoodCuisine
18%
5,1 millions d’abonnés CyrilMP4
12%
6,9 millions d’abonnés Furious Jumper
12%
4,9 millions d’abonnés Ibra TV
12%
4,9 millions d’abonnés Squeezie Gaming
12%
4,8 millions d’abonnés Hugoposé
11%
5,6 millions d’abonnés Kevin Tran
11%
7,4 millions d’abonnés Rémi Gaillard
11%
5,2 millions d’abonnés MichouOff
8%
6 millions d’abonnés Bigorneaux et Coquillages
6%
5,3 millions d’abonnés Anas
5%
6,7 millions d’abonnés Swan & Néo
3%
7,3 millions d’abonnés Sympa
3%
9,9 millions d’abonnés Tuvok12
2%
5,9 millions d’abonnés Dimerci TV
1%
7,2 millions d’abonnés Le monde des titounis
1%
Aucun quiz correspondant
Distribution des résultats
% des personnes avec chaque résultat
Percentile par nombre de réponses
Votre historique - résultats
Vous n’avez pas pris ce quiz